LDR 00602naa#a2200181#i#450# 001 EN\\bibl\121339 005 20260514143421.4 011 ## _a1994-4683 100 ## _a20230803b2023####ek#y0engy0150####ca 102 ## _aRU 200 1# _aFEATURES OF FUNCTIONAL TRAINING IN FITNESS AEROBICS FOR BEGINNERS _eJournal article 210 1# _aMoscow _cNational State University of Physical Education, Sports and Health named after P.F. Lesgaft _d2023 215 ## _a3 с. 608 ## _aJournal article _2local 675 ## _aАнализ тренировки. 796.058.2 _z 700 #1 _a _g 700 #1 _a _g 856 4# _auchzapiski.lesgaft.spb.ru _u